Our oriental heritage / (Record no. 74103)
[ view plain ]
| 000 -LEADER | |
|---|---|
| fixed length control field | 00791nam a2200253 a 4500 |
| 001 - CONTROL NUMBER | |
| control field | 74103 |
| 003 - CONTROL NUMBER IDENTIFIER | |
| rucl marc code | BD-RjUL |
| 005 - DATE AND TIME OF LATEST TRANSACTION | |
| control field | 20211209082508.0 |
| 008 - FIXED-LENGTH DATA ELEMENTS--GENERAL INFORMATION | |
| fixed length control field | 910708s1963 nyua b 001 0 eng d |
| 035 ## - SYSTEM CONTROL NUMBER | |
| System control number | (BD-RjUL)74321 |
| 040 ## - CATALOGING SOURCE | |
| Original cataloging agency | VBN |
| Transcribing agency | VBN |
| Language of cataloging | eng |
| Modifying agency | BD-RjUL |
| 041 ## - LANGUAGE CODE | |
| Language code of text/sound track or separate title | eng |
| 082 ## - DEWEY DECIMAL CLASSIFICATION NUMBER | |
| Classification number | 909 |
| Author mark and year | DUO 1963 |
| Edition number | 23 |
| 100 1# - MAIN ENTRY--PERSONAL NAME | |
| Personal name | Durant, Will, |
| Dates associated with a name | 1885-1981. |
| 9 (RLIN) | 220281 |
| 245 14 - TITLE STATEMENT | |
| Title | Our oriental heritage / |
| Statement of responsibility, etc. | Will Durant |
| 260 ## - PUBLICATION, DISTRIBUTION, ETC. (IMPRINT) | |
| Place of publication, distribution, etc. | New York : |
| Name of publisher, distributor, etc. | Simon and Schuster, |
| Date of publication, distribution, etc. | c1963. |
| 300 ## - PHYSICAL DESCRIPTION | |
| Pagination | XXXII, [2], 1049, p.: |
| Illustrations | ill. ; |
| Size | 25 cm. |
| 490 ## - SERIES STATEMENT | |
| Series statement | Story of civilization ; |
| Volume/sequential designation | pt. 1 |
| 504 ## - BIBLIOGRAPHY, ETC. NOTE | |
| Bibliography, etc | Includes bibliographical references and index. |
| 650 ## - SUBJECT ADDED ENTRY--TOPICAL TERM | |
| Topical term or geographic name as entry element | Civilization |
| General subdivision | History. |
| 9 (RLIN) | 220283 |
| 651 #0 - SUBJECT ADDED ENTRY--GEOGRAPHIC NAME | |
| Geographic name | Asia |
| General subdivision | Civilization |
| 9 (RLIN) | 220282 |
| 830 ## - SERIES ADDED ENTRY--UNIFORM TITLE | |
| Uniform title | Story of civilization ; |
| Volume number/sequential designation | pt. 1 |
| 942 ## - ADDED ENTRY ELEMENTS (KOHA) | |
| Source of classification or shelving scheme | Dewey Decimal Classification |
| Koha item type | Books |
| Lost status | Source of classification or shelving scheme | Damaged status | Not for loan | Collection code | Permanent Location | Current Location | Shelving location | Date acquired | Source of acquisition | Total Checkouts | Full call number | Date last seen | Copy number | Koha item type | Cost, normal purchase price |
|---|---|---|---|---|---|---|---|---|---|---|---|---|---|---|---|
| Dewey Decimal Classification | Not For Loan | Non-fiction | Central Library, University of Rajshahi | Central Library, University of Rajshahi | Reading Room | 15/05/2017 | Photocopy, R.U.L. | 909 DUO 1963 | 26/02/2018 | C-1 | Books | ||||
| Dewey Decimal Classification | Non-fiction | Central Library, University of Rajshahi | Central Library, University of Rajshahi | 05/05/1978 | Heffer and sons | 909 DUO 1963 | 26/11/2018 | C-2 | Books | 17.45 |